Sporcle People Quiz Stats

Quiz Updated Apr 5, 2017

Challenge
Share
Tweet
Embed
Score 0/28 Timer 06:00
0 Plays Today
Clue for the Person SP or CLE person % Correct
Leonard Nimoy's 'Star Trek' characterSpock
96.8%
Pirate Jack played by Johnny DeppSparrow
91.8%
'Saving Private Ryan' director StevenSpielberg
90.1%
U.S. President GroverCleveland
89%
Antony's Egyptian loveCleopatra
86.8%
Bespectacled trash TV host JerrySpringer
86.7%
Bald-headed Mr. of a household productClean
82.6%
Actor Kevin of 'The Usual Suspects'Spacey
80.8%
Bikini Bottom dwellerSpongeBob SquarePants
79.1%
Oh My Darling from the folk songClementine
77.8%
'Silly Walks' Monty Python member JohnCleese
73.7%
US Olympic swimming great MarkSpitz
72.7%
Bruce who is 'The Boss'Springsteen
70.6%
Jack who could eat no fatSprat
70%
Clue for the Person SP or CLE person % Correct
Former MLB Pitcher RogerClemens
68.6%
Last name of Ward, June, Wally, and TheodoreCleaver
65.1%
Hammett's fictional detective SamSpade
56.7%
'Ramona the Pest' author BeverlyCleary
55.1%
Leon who defeated Ali in 1978Spinks
49.4%
The slack-jawed yokel from 'The Simpsons'Cletus
47%
Cartoon driver brought to the big screen in 2008Speed Racer
44.2%
South Carolina football coach SteveSpurrier
41.4%
Sean Penn 'Fast Times' characterSpicoli
38.7%
Founder of an ACC school in South CarolinaClemson
37.9%
The Boss's late sax player ClarenceClemons
35.5%
Actor Little from 'Blazing Saddles' Cleavon
29.7%
French WWI Prime Minister GeorgesClemenceau
16.2%
90's SNL cast member EllenCleghorne
13.6%

You're not logged in!

Compare scores with friends on all Sporcle quizzes.
Sign Up with Email
OR
Log In

You Might Also Like...

Show Comments

Extras

Top Quizzes Today


Score Distribution

Your Account Isn't Verified!

In order to create a playlist on Sporcle, you need to verify the email address you used during registration. Go to your Sporcle Settings to finish the process.

Report this User

Report this user for behavior that violates our Community Guidelines.

Details: